ბათუმის შოთა რუსთაველის სახელმწიფო უნივერსიტეტის ბიბლიოთეკა

Case studies in physiology and nutrition / (ბიბ.ჩანაწერი № 57484)

000 -LEADER
fixed length control field 01088cam a22003014a 4500
001 - CONTROL NUMBER
control field 15802646
005 - DATE AND TIME OF LATEST TRANSACTION
control field 20221107153701.0
008 - FIXED-LENGTH DATA ELEMENTS--GENERAL INFORMATION
fixed length control field 090702s2010 flua 001 0 eng
010 ## - LIBRARY OF CONGRESS CONTROL NUMBER
LC control number 2009027560
020 ## - INTERNATIONAL STANDARD BOOK NUMBER
International Standard Book Number 9781420088779 (pbk. : alk. paper) X
020 ## - INTERNATIONAL STANDARD BOOK NUMBER
International Standard Book Number 1420088777 (pbk. : alk. paper) X
035 ## - SYSTEM CONTROL NUMBER
System control number (OCoLC)ocn423572387
041 ## - LANGUAGE CODE
Language code of text/sound track or separate title eng
080 ## - UNIVERSAL DECIMAL CLASSIFICATION NUMBER
Universal Decimal Classification number 616+612+613 B-45
082 00 - DEWEY DECIMAL CLASSIFICATION NUMBER
Classification number 616.07
Edition number 22
100 1# - MAIN ENTRY--PERSONAL NAME
Personal name Berdanier, Lynne.
9 (RLIN) 8808
245 10 - TITLE STATEMENT
Title Case studies in physiology and nutrition /
Statement of responsibility, etc. Lynne Berdanier, Carolyn D. Berdanier.
260 ## - PUBLICATION, DISTRIBUTION, ETC.
Place of publication, distribution, etc. Boca Raton :
Name of publisher, distributor, etc. CRC Press,
Date of publication, distribution, etc. c2010.
300 ## - PHYSICAL DESCRIPTION
Extent 156 p. :
Other physical details ill. ;
Dimensions 26 cm.
650 12 - SUBJECT ADDED ENTRY--TOPICAL TERM
Topical term or geographic name entry element Nutritional Physiological Phenomena
Form subdivision Problems and Exercises.
9 (RLIN) 8811
650 22 - SUBJECT ADDED ENTRY--TOPICAL TERM
Topical term or geographic name entry element Homeostasis
Form subdivision Problems and Exercises.
9 (RLIN) 8812
650 22 - SUBJECT ADDED ENTRY--TOPICAL TERM
Topical term or geographic name entry element Metabolic Diseases
Form subdivision Problems and Exercises.
9 (RLIN) 8813
650 22 - SUBJECT ADDED ENTRY--TOPICAL TERM
Topical term or geographic name entry element Nutrition Disorders
Form subdivision Problems and Exercises.
9 (RLIN) 8814
653 ## - INDEX TERM--UNCONTROLLED
keyword ფიზიოლოგია კვებაში
653 ## - INDEX TERM--UNCONTROLLED
keyword მედიცინა
700 1# - ADDED ENTRY--PERSONAL NAME
Personal name Berdanier, Carolyn D.
9 (RLIN) 8815
942 ## - ADDED ENTRY ELEMENTS (KOHA)
Source of classification or shelving scheme
Koha item type წიგნი
ეგზემპლარები
Withdrawn status Lost status Source of classification or shelving scheme Damaged status Not for loan Permanent Location Current Location Shelving location Date acquired Cost, normal purchase price Full call number Barcode Date last seen Copy number Price effective from Koha item type Public note
          ბათუმის შოთა რუსთაველის სახელმწიფო უნივერსიტეტის მთავარი ბიბლიოთეკა ბათუმის შოთა რუსთაველის სახელმწიფო უნივერსიტეტის მთავარი ბიბლიოთეკა წიგნსაცავი 2020-06-25 210.00 616+612+613 B-45 60681 2020-06-25 60681 2020-06-25 წიგნი 210 ლ.